000 00482nam a2200193Ia 4500
003 GCL
008 140319s9999 xx 000 0 aRus d
040 _aGCL /
_cGCL
082 0 4 _a861
_bB A
100 1 _aBIEDMA, JAIME GIL
245 1 0 _aANTOLOGIA POETICA /
_cBIEDMA, JAIME GIL
260 _a[S.N] :
_bALIANZA EDITORIAL ،
_c1986
300 _a131P
650 0 4 _aLITERATURE
650 0 4 _aPOEMS
650 0 4 _aSPANISH LITERATURE
650 0 4 _aSPANISH POETRY
942 _2ddc
_cBK
999 _c11166
_d11166